=LDR 00000nam 2200000 4500 =001 INLIS000000000044441 =005 20131008105855 =008 ***********************************Ind** =035 ##$$0010-101300000002363 =041 ##$$a Ind =082 ##$$a 327 =090 ##$$a 327 , Ali t =100 ##$$a Twang Peck Yang =245 ##$$a Elite Bisnis Cina di Indonesia =260 ##$$a 2004 $b Yogyakarta =300 ##$$a xxiv, 470hlm , 22 cm =850 ##$$a NBPNMAT